000 01767nam a22002657a 4500
999 _c1479
_d1479
003 OSt
005 20191014191934.0
008 170814b xxu||||| |||| 00| 0 esp d
040 _cDO-SdBJH
_aDO-SdBJH
_bspa
090 _aTG AAFFM
_b01011 2015
100 1 _aGuzmán Castillo, Steven
_esustentante
245 1 0 _aPropuesta de modernización de la Fuerza Aérea de República Dominicana (2016-2020): Análisis diagnóstico del Comando Aéreo /
_c Steven Guzmán Castillo, Aniello Muñiz Vitiello, Sebastián Ramírez Fondeur, asesores Mao Enuá Gómez Vásquez, Tebi Enrique Rodríguez Hernández
260 _aSanto Domingo Este :
_bINSUDE,
_c2015
300 _axv, 59 páginas, ilustraciones-tablas-gráficos
502 _aTrabajo de grado (Licenciatura en Ciencias Aeronáuticas) Instituto Superior para la Defensa (INSUDE). -- Academia Aérea Gral. De Brigada Piloto Frank Andrés Feliz Miranda, 2015.
504 _aIncluye referencias bibliográficas e índices
505 _aAntecedentes históricos del Comando Aéreo de la Fuerza Aérea de República Dominicana. -- Aspectos generales del Comando Aéreo y el modo en que opera en la Fuerza Aérea de República Dominicana, FARD. -- Propuesta de modernización de la Fuerza Aérea de República Dominicana (2016-2020): Análisis diagnostico del Comando Aéreo
650 4 _aAnálisis del Comando Aéreo -- Modernización Fuerza Aérea (propuesta)
651 4 _aRepública Dominicana. Fuerza Aérea -- Comando aéreo
700 1 _aMuñiz Vitiello, Aniello
_esustentante
700 1 _aRamírez Fondeur, Sebastián
_esustentante
700 1 _aGómez Vásquez, Mao Enuá
_easesor
700 1 _aRodríguez Hernández, Tebi Enrique
_easesor
942 _2CL
_cT